| 000 | 00546nam a2200169 i 4500 | ||
|---|---|---|---|
| 001 | 61054 | ||
| 003 | ES-MaACL | ||
| 005 | 20230906164345.0 | ||
| 007 | t| | ||
| 008 | 031110s1967 sp ||||1| spa d | ||
| 245 | 0 | 0 |
_aEstadísticas de Obras Sindicales _b: 1966. |
| 260 |
_aMadrid : _bEdiciones y Publicaciones Populares, _c1967. |
||
| 300 |
_a247 p. : _bil. ; _c24 cm. |
||
| 500 | _aPrecede al tít.: Servicio Sindical de Estadística. | ||
| 710 | 2 |
_aServicio Sindical de Estadística (España) _9164510 |
|
| 852 |
_aES-MaACL _jC-33128 _bR.64017 |
||
| 999 |
_c61054 _d61054 |
||